00466nam a2200145Ia 4500008004100000020001800041041000800059082002000067100004800087245010300135250000600238260004100244300001300285650002200298210716s2007 xx 000 0 und d a9788126518333 aeng a621.38212 SAUS aSaunders, Simon R;Aragon Zavala, Alejandro. aAntennas and propagation: for wireless communication systems.bFor wireless communication systems. a2 aNew DelhibWiley India Pvt Ltdc2007 axxii,524 aComputer Networks